Innovat︠s︡ionnai︠a︡ dei︠a︡telʹnostʹ Kryma : statisticheskiĭ sbornik.

Saved in:
நூற்பட்டியல் விவரங்கள்
குழும எழுத்தாளர்: Derz͡havnyĭ komitet statystyky Avtonomnoï Respubliky Krym.
வடிவம்: புத்தகம்
மொழி:Russian
வெளியீடப்பட்டது: Simferopolʹ : Gos. kom-t po statistike Avtonomnoĭ Respubliki Krym, 1997.
பகுதிகள்:
குறியீடுகள்: குறிச்சொல் இணை
குறியீடுகள் இல்லை, இந்த குறிச்சொல்லை முதலில் பதிவு செய்யுங்கள்!
LEADER 00835aam a2200241 a 4500
001 007724809-0
005 20090713015523.0
008 980403s1997 un a s s000 0 ruso
010 |a  98135270  
035 0 |a ocm40231665 
040 |a DLC  |c DLC  |d HLS 
043 |a e-ur-un 
050 0 0 |a HC340.19.Z7  |b C753 1997 
110 2 |a Derz͡havnyĭ komitet statystyky Avtonomnoï Respubliky Krym. 
245 1 0 |a Innovat︠s︡ionnai︠a︡ dei︠a︡telʹnostʹ Kryma :  |b statisticheskiĭ sbornik. 
260 |a Simferopolʹ :  |b Gos. kom-t po statistike Avtonomnoĭ Respubliki Krym,  |c 1997. 
300 |a 63 p. :  |b ill. ;  |c 14 x 21 cm. 
500 |a All statistics. 
500 |a At head of title: Goskomstat Ukrainy. 
500 |a "Iskh. 09-8/68." 
650 0 |a Technological innovations  |z Ukraine  |z Crimea  |v Statistics. 
988 |a 20020608 
906 |0 DLC